[Event "Prague Autumn op 1st"]
[Site "Prague"]
[Date "2021.09.26"]
[Round "4"]
[White "Kuhn, Ulf"]
[Black "Sladek, Jaroslav"]
[Result "1-0"]
[WhiteElo "2074"]
[BlackElo "1873"]
[PlyCount "95"]
[EventDate "2021.09.24"]
[EventType "swiss"]
[EventRounds "5"]
[EventCountry "CZE"]
[SourceTitle "CBM 204 Extra"]
[Source "ChessBase"]
[SourceDate "2021.11.30"]
[SourceVersion "1"]
[SourceVersionDate "2021.11.30"]
[SourceQuality "1"]

1. c4 e5 2. g3 c6 3. Nf3 e4 4. Nd4 d5 5. cxd5 cxd5 6. Bg2 Nc6 7. Nxc6 bxc6 8. 0-0 Nf6 9. Qc2 Bd7 10. d3 exd3 11. Qxd3 Be7 12. Nc3 0-0 13. Bf4 Qa5 14. Rac1 Rac8 15. a3 Be6 16. b4 Qd8 17. Na4 a5 18. Nc5 axb4 19. axb4 Bxc5 20. bxc5 Qd7 21. Rfd1 Rfd8 22. Qd4 Bh3 23. Bh1 Bf5 24. f3 Qe8 25. g4 Bg6 26. Kf2 h6 27. Bg2 Ra8 28. Rd2 Ra6 29. Rc3 Rda8 30. Re3 Qc8 31. h4 Ra4 32. Qe5 Re4 33. Rxe4 dxe4 34. Kg3 Ra3 35. e3 exf3 36. Bxf3 Be4 37. Rb2 Qe6 38. Rb8+ Kh7 39. Qxe6 fxe6 40. g5 hxg5 41. hxg5 e5 42. gxf6 exf4+ 43. Kxf4 Bg6 44. Rb7 Ra4+ 45. Kg5 Ra5 46. Rxg7+ Kh8 47. Kxg6 Rxc5 48. Rc7 1-0

[Event "Riga Tech op-A"]
[Site "Riga"]
[Date "2021.08.09"]
[Round "1"]
[White "Kuhn, Ulf"]
[Black "Meskovs, Nikita"]
[Result "0-1"]
[WhiteElo "2128"]
[BlackElo "2568"]
[PlyCount "82"]
[EventDate "2021.08.09"]
[EventType "swiss"]
[EventRounds "9"]
[EventCountry "LAT"]
[SourceTitle "CBM 203 Extra"]
[Source "ChessBase"]
[SourceDate "2021.09.30"]
[SourceVersion "1"]
[SourceVersionDate "2021.09.30"]
[SourceQuality "1"]

1. c4 e6 2. g3 d5 3. Bg2 a6 4. b3 Be7 5. Bb2 Bf6 6. Bxf6 Nxf6 7. Nf3 d4 8. 0-0 0-0 9. e3 Nc6 10. exd4 Nxd4 11. Nc3 c5 12. Nxd4 Qxd4 13. Qe2 Rd8 14. Rfe1 Rb8 15. Rad1 b6 16. Ne4 Bb7 17. d3 h6 18. h4 Rd7 19. Bf3 Rbd8 20. Nxf6+ Qxf6 21. Bxb7 Rxb7 22. Rd2 Rbd7 23. Red1 Rd4 24. Qe3 Qf5 25. Kg2 e5 26. Qf3 Qg6 27. Qe3 f6 28. Kf1 h5 29. a3 Kh7 30. b4 R8d6 31. Ke2 a5 32. bxc5 bxc5 33. Rg1 e4 34. Rgd1 Re6 35. Kf1 Qg4 36. Re1 Re5 37. dxe4 Rexe4 38. Rxd4 Qh3+ 39. Ke2 Rxe3+ 40. fxe3 cxd4 41. exd4 Qe6+ 0-1

[Event "Budapest FS08 IM"]
[Site "Budapest"]
[Date "2020.09.09"]
[Round "5"]
[White "Ongut, Tamas Gunes"]
[Black "Kuhn, Ulf"]
[Result "1/2-1/2"]
[WhiteElo "2312"]
[BlackElo "2087"]
[PlyCount "150"]
[EventDate "2020.09.05"]
[EventType "tourn"]
[EventRounds "9"]
[EventCountry "HUN"]
[EventCategory "1"]
[SourceTitle "EXT 2021"]
[Source "ChessBase"]
[SourceDate "2020.10.23"]
[SourceVersion "1"]
[SourceVersionDate "2020.10.23"]
[SourceQuality "1"]

1. e4 g6 2. d4 Bg7 3. Nc3 d6 4. Be3 a6 5. Nf3 Nc6 6. Bc4 Nf6 7. e5 Ng4 8. Ng5 Nh6 9. e6 f6 10. Nf7 Nxf7 11. exf7+ Kf8 12. h4 Na5 13. Bd3 Kxf7 14. d5 c5 15. h5 b5 16. Qf3 c4 17. Be2 Bf5 18. Ne4 Bxe4 19. Qxe4 Qc8 20. h6 Bf8 21. Bd4 Rg8 22. Bf3 Rb8 23. 0-0-0 b4 24. Rde1 b3 25. Qe6+ Qxe6 26. dxe6+ Ke8 27. axb3 cxb3 28. Bc3 Nc4 29. Bc6+ Kd8 30. Rh4 Ne5 31. Ba5+ Kc8 32. Ba4 Rb7 33. Bxb3 Rb5 34. Bc3 Rxb3 35. cxb3 Nd3+ 36. Kd1 Nxe1 37. Kxe1 f5 38. Ra4 Kb7 39. Bd2 g5 40. Ra5 f4 41. Rf5 Bxh6 42. Bc3 Rg6 43. Rf7 Rxe6+ 44. Kd1 Kc6 45. Rxh7 Kd7 46. Kd2 Rg6 47. Kd3 g4 48. Rh8 Bg5 49. Ra8 d5 50. Kd4 Rd6 51. Kc5 Ke6 52. Re8 Kf5 53. f3 g3 54. Rf8+ Ke6 55. Bd4 Rd7 56. Kc6 Rd6+ 57. Kc5 Bf6 58. Bxf6 exf6 59. Re8+ Kd7 60. Re2 d4 61. Rd2 d3 62. Kc4 Kc6 63. b4 Re6 64. Kxd3 Kb5 65. Rc2 Re3+ 66. Kd2 Rb3 67. Kc1 Rxb4 68. Re2 a5 69. Re6 Kc4 70. Kc2 Kd4 71. Re4+ Kc5 72. Re6 Rc4+ 73. Kd2 Rd4+ 74. Kc2 Kb4 75. Rb6+ Kc4 1/2-1/2

[Event "Budapest FS07 Nadassy"]
[Site "Budapest"]
[Date "2020.07.08"]
[Round "5"]
[White "Bolyki, Istvan"]
[Black "Kuhn, Ulf"]
[Result "0-1"]
[WhiteElo "1824"]
[BlackElo "2081"]
[PlyCount "80"]
[EventDate "2020.07.04"]
[EventType "team-schev"]
[EventRounds "14"]
[EventCountry "HUN"]
[SourceTitle "CBM 197 Extra"]
[Source "ChessBase"]
[SourceDate "2020.09.30"]
[SourceVersion "1"]
[SourceVersionDate "2020.09.30"]
[SourceQuality "1"]
[WhiteTeam "Stronger Row"]
[BlackTeam "Weaker Row"]
[WhiteTeamCountry "HUN"]
[BlackTeamCountry "HUN"]

1. e4 g6 2. d4 Bg7 3. c4 d6 4. Nc3 e5 5. Nf3 Nc6 6. Be3 Bg4 7. d5 Nce7 8. Be2 b6 9. 0-0 a5 10. h3 Bd7 11. Rb1 Nf6 12. a3 Nh5 13. Nxe5 dxe5 14. Bxh5 gxh5 15. Qxh5 0-0 16. f4 exf4 17. Bxf4 Ng6 18. Bg3 Re8 19. Rbe1 f6 20. e5 Nxe5 21. Bxe5 Rxe5 22. Rxe5 fxe5 23. Ne4 Be8 24. Qg4 Bg6 25. Ng5 Qe7 26. Ne6 Bd3 27. Re1 Kh8 28. Re3 e4 29. Qh5 Bxb2 30. Rg3 Rg8 31. Rxg8+ Kxg8 32. Qg4+ Kh8 33. Qf4 a4 34. h4 Kg8 35. Qg4+ Bg7 36. h5 h6 37. Qg6 Qf7 38. Qg3 Bxc4 39. Nd8 Qf1+ 40. Kh2 Qf5 0-1

[Event "Budapest FS07 Nadassy"]
[Site "Budapest"]
[Date "2020.07.05"]
[Round "2"]
[White "Kuhn, Ulf"]
[Black "Farago, Sandor"]
[Result "0-1"]
[WhiteElo "2081"]
[BlackElo "2218"]
[PlyCount "74"]
[EventDate "2020.07.04"]
[EventType "team-schev"]
[EventRounds "14"]
[EventCountry "HUN"]
[SourceTitle "CBM 197 Extra"]
[Source "ChessBase"]
[SourceDate "2020.09.30"]
[SourceVersion "1"]
[SourceVersionDate "2020.09.30"]
[SourceQuality "1"]
[WhiteTeam "Weaker Row"]
[BlackTeam "Stronger Row"]
[WhiteTeamCountry "HUN"]
[BlackTeamCountry "HUN"]

1. g3 c5 2. Bg2 Nc6 3. f4 d5 4. Nf3 Nf6 5. 0-0 g6 6. d3 Bg7 7. Qe1 0-0 8. e4 dxe4 9. dxe4 b6 10. e5 Nd5 11. c3 f6 12. Qe4 Bf5 13. Qa4 Bd7 14. Ng5 e6 15. Nxe6 Bxe6 16. Qxc6 Nc7 17. exf6 Rxf6 18. Qa4 Bd5 19. Bxd5+ Qxd5 20. Nd2 Re6 21. Qb3 Qd3 22. Nf3 Rd8 23. Bd2 c4 24. Qa4 Bf8 25. Qxa7 Bc5+ 26. Kh1 Nd5 27. Rad1 Re2 28. Bc1 Qe4 29. Qa4 Bf2 30. Kg2 Be3+ 31. Kh1 Bxc1 32. Rd4 Rxh2+ 33. Kxh2 Qe2+ 34. Kh3 Qxf1+ 35. Kg4 h5+ 36. Kg5 Qxf3 37. Qc6 Qxg3+ 0-1

[Event "Budapest FS07 Nadassy"]
[Site "Budapest"]
[Date "2020.07.04"]
[Round "1"]
[White "Kahn, Evarth"]
[Black "Kuhn, Ulf"]
[Result "1-0"]
[WhiteElo "2196"]
[BlackElo "2081"]
[PlyCount "61"]
[EventDate "2020.07.04"]
[EventType "team-schev"]
[EventRounds "14"]
[EventCountry "HUN"]
[SourceTitle "CBM 197 Extra"]
[Source "ChessBase"]
[SourceDate "2020.09.30"]
[SourceVersion "1"]
[SourceVersionDate "2020.09.30"]
[SourceQuality "1"]
[WhiteTeam "Stronger Row"]
[BlackTeam "Weaker Row"]
[WhiteTeamCountry "HUN"]
[BlackTeamCountry "HUN"]

1. e4 g6 2. h4 d5 3. exd5 Qxd5 4. Nc3 Qd8 5. h5 Bg7 6. Bc4 Nc6 7. Nf3 gxh5 8. Rxh5 Nf6 9. Rh4 Bg4 10. Rxg4 Nxg4 11. Bxf7+ Kxf7 12. Ng5+ Kg8 13. Qxg4 Nd4 14. Ne6 Nxe6 15. Qxe6+ Kf8 16. Ne4 Qd4 17. d3 Qe5 18. Qh3 Rd8 19. f4 Qd5 20. f5 h5 21. Ke2 Kg8 22. Bg5 Qe5 23. c3 c5 24. b3 b5 25. Qf3 Rh7 26. Bxe7 Qxe7 27. f6 Qe5 28. fxg7 Rxg7 29. Rh1 Rd5 30. Rxh5 Rxd3 31. Rxe5 1-0

[Event "Muensterland op 25th"]
[Site "Senden"]
[Date "2007.10.06"]
[Round "9"]
[White "Kuhn, Ulf"]
[Black "Davenport, Darcy"]
[Result "1/2-1/2"]
[WhiteElo "2130"]
[BlackElo "2122"]
[PlyCount "138"]
[EventDate "2007.09.29"]
[EventType "swiss"]
[EventRounds "9"]
[EventCountry "GER"]
[SourceTitle "EXT 2008"]
[Source "ChessBase"]
[SourceDate "2007.11.25"]
[SourceVersion "1"]
[SourceVersionDate "2007.11.25"]
[SourceQuality "1"]

1. c4 c5 2. g3 g6 3. Bg2 Bg7 4. Nc3 Nc6 5. Nf3 e6 6. 0-0 Nge7 7. d3 0-0 8. Bd2 d5 9. Rb1 b6 10. a3 Bb7 11. cxd5 Nxd5 12. Nxd5 exd5 13. b4 cxb4 14. axb4 Qd7 15. b5 Nd8 16. d4 Re8 17. e3 a6 18. bxa6 Bxa6 19. Re1 Rb8 20. Ne5 Bxe5 21. dxe5 d4 22. exd4 Qxd4 23. Be3 Qxd1 24. Rexd1 Ne6 25. Rxb6 Rxb6 26. Bxb6 Re7 27. Ra1 Bd3 28. g4 g5 29. Be3 Kg7 30. Re1 Re8 31. Bf3 Rb8 32. Kg2 Rb4 33. Kg3 Rb5 34. h4 h6 35. Bd2 Rb2 36. Be3 Rb5 37. h5 Rb4 38. Bd2 Rb2 39. Be3 Rb4 40. Bd2 Rb2 41. Bc3 Rb3 42. Ba1 Bc2 43. Rc1 Bh7 44. Rc3 Rb1 45. Ra3 Rb4 46. Bd5 Bc2 47. Ra7 Bb3 48. Bc6 Rb8 49. Rb7 Rc8 50. Bd7 Rd8 51. Ra7 Bd5 52. Bc3 Rb8 53. Ra5 Rb3 54. Rxd5 Rxc3+ 55. Kh2 Nf4 56. Ra5 Rc2 57. Kg3 Rc3+ 58. Kh2 Rc2 59. Ra1 Rxf2+ 60. Kg3 Re2 61. Be8 Re3+ 62. Kf2 Rxe5 63. Bxf7 Kf8 64. Bc4 Rc5 65. Ra8+ Ke7 66. Bf1 Re5 67. Ra7+ Kf8 68. Rh7 Re6 69. Kf3 Rf6 1/2-1/2

[Event "Muensterland op 25th"]
[Site "Senden"]
[Date "2007.10.01"]
[Round "4"]
[White "Kuhn, Ulf"]
[Black "Litwak, Aleksej"]
[Result "1-0"]
[WhiteElo "2130"]
[BlackElo "2301"]
[PlyCount "71"]
[EventDate "2007.09.29"]
[EventType "swiss"]
[EventRounds "9"]
[EventCountry "GER"]
[SourceTitle "EXT 2008"]
[Source "ChessBase"]
[SourceDate "2007.11.25"]
[SourceVersion "1"]
[SourceVersionDate "2007.11.25"]
[SourceQuality "1"]

1. c4 Nf6 2. g3 e6 3. Bg2 d5 4. Nf3 Be7 5. b3 0-0 6. 0-0 c5 7. Bb2 a6 8. cxd5 exd5 9. d4 Nc6 10. dxc5 Bxc5 11. Nc3 d4 12. Na4 Ba7 13. Rc1 Qd6 14. e3 d3 15. Bxf6 gxf6 16. Qd2 Bg4 17. Nb2 Rad8 18. Rc3 Nb4 19. a3 Nd5 20. Nc4 Nxc3 21. Nxd6 Ne2+ 22. Kh1 Rxd6 23. Qb4 Rfd8 24. Qxg4+ Kf8 25. Nd2 R6d7 26. Qf5 Rc7 27. Qxf6 Rdd7 28. Nc4 d2 29. Rd1 b5 30. Ne5 Rc1 31. Nxd7+ Ke8 32. Bc6 Rxd1+ 33. Kg2 Rg1+ 34. Kh3 Rc1 35. Ne5+ Rxc6 36. Qxf7+ 1-0

[Event "Main Vogelsberg op 1st"]
[Site "Hanau"]
[Date "2006.04.30"]
[Round "4.1"]
[White "Schlamp, Robert"]
[Black "Kuhn, Ulf"]
[Result "1-0"]
[WhiteElo "2333"]
[BlackElo "2123"]
[PlyCount "57"]
[EventDate "2006.04.28"]
[EventType "swiss"]
[EventRounds "7"]
[EventCountry "GER"]
[SourceTitle "EXT 2022"]
[Source "ChessBase"]
[SourceDate "2021.10.06"]
[SourceVersion "1"]
[SourceVersionDate "2021.10.06"]
[SourceQuality "1"]

1. e4 g6 2. d4 Bg7 3. Nf3 c6 4. c3 d5 5. exd5 cxd5 6. Bd3 Nh6 7. 0-0 0-0 8. Bf4 f6 9. c4 Nc6 10. cxd5 Nb4 11. d6 e6 12. Nc3 Nxd3 13. Qxd3 Nf5 14. Ne4 g5 15. Bd2 g4 16. Ne1 Qb6 17. Nc2 Bd7 18. Rfe1 a5 19. b4 a4 20. Bf4 Bb5 21. Qd1 Qc6 22. Na3 Nh4 23. Rc1 Qb6 24. Qxg4 Ng6 25. Qxe6+ Kh8 26. Bg3 Rae8 27. Qf5 Bd3 28. d7 Re6 29. Bc7 1-0

[Event "Main Vogelsberg op 1st"]
[Site "Hanau"]
[Date "2006.04.29"]
[Round "2.13"]
[White "Suchsland, Helmut"]
[Black "Kuhn, Ulf"]
[Result "0-1"]
[WhiteElo "1867"]
[BlackElo "2123"]
[PlyCount "104"]
[EventDate "2006.04.28"]
[EventType "swiss"]
[EventRounds "7"]
[EventCountry "GER"]
[SourceTitle "EXT 2022"]
[Source "ChessBase"]
[SourceDate "2021.10.06"]
[SourceVersion "1"]
[SourceVersionDate "2021.10.06"]
[SourceQuality "1"]

1. e4 g6 2. d4 Bg7 3. Nc3 c6 4. Be2 d5 5. e5 Qb6 6. f4 h5 7. Nf3 Bg4 8. 0-0 Nh6 9. Nh4 Bxe2 10. Nxe2 e6 11. Qd3 Qa6 12. Qf3 Bf8 13. Be3 Be7 14. Bf2 Ng4 15. Be1 c5 16. c3 Nc6 17. h3 Nh6 18. Bf2 cxd4 19. Nxd4 Nxd4 20. cxd4 Rc8 21. Qg3 Kd7 22. Qb3 Rc4 23. Qd3 Qc6 24. Nf3 Rc8 25. Nd2 Rc2 26. Rab1 Nf5 27. Nb3 Qc4 28. Rfd1 b6 29. Qf3 Qe2 30. Qxe2 Rxe2 31. Rd2 Rc2 32. Rxe2 Rxe2 33. Kf1 Rc2 34. Na1 Rc4 35. Nb3 a5 36. Rc1 a4 37. Rxc4 dxc4 38. Nd2 b5 39. Ke2 Kc6 40. Ne4 b4 41. g4 hxg4 42. hxg4 Kd5 43. gxf5 Kxe4 44. fxe6 fxe6 45. Be3 c3 46. b3 axb3 47. axb3 Bf8 48. Bf2 Bh6 49. Be3 Bxf4 50. Bxf4 Kxf4 51. Kd3 g5 52. Ke2 Ke4 0-1

[Event "Hessen-ch"]
[Site "Marburg"]
[Date "2006.04.14"]
[Round "8.7"]
[White "Hamann, Joerg"]
[Black "Kuhn, Ulf"]
[Result "1/2-1/2"]
[WhiteElo "2171"]
[BlackElo "2123"]
[PlyCount "54"]
[EventDate "2006.04.08"]
[EventType "swiss"]
[EventRounds "9"]
[EventCountry "GER"]
[SourceTitle "EXT 2007"]
[Source "ChessBase"]
[SourceDate "2006.11.23"]
[SourceVersion "1"]
[SourceVersionDate "2006.11.23"]
[SourceQuality "1"]

1. d4 f5 2. Nc3 Nf6 3. Bg5 d5 4. Bxf6 exf6 5. e3 Be6 6. Qf3 Qd7 7. Bb5 c6 8. Bd3 Na6 9. a3 Nc7 10. Nge2 g6 11. h4 h5 12. Nf4 Bf7 13. Nce2 0-0-0 14. Nc1 Ne8 15. b4 Nd6 16. Nb3 Ne4 17. Nc5 Qe8 18. Qd1 Bh6 19. Nxe4 dxe4 20. Be2 Bxf4 21. exf4 e3 22. Qd3 exf2+ 23. Kxf2 Qe4 24. Qxe4 fxe4 25. Ke3 f5 26. c3 Kc7 27. a4 Ra8 1/2-1/2

[Event "Hessen-ch"]
[Site "Marburg"]
[Date "2006.04.13"]
[Round "7.4"]
[White "Kuhn, Ulf"]
[Black "Lisanti, Andre"]
[Result "0-1"]
[WhiteElo "2123"]
[BlackElo "2295"]
[PlyCount "38"]
[EventDate "2006.04.08"]
[EventType "swiss"]
[EventRounds "9"]
[EventCountry "GER"]
[SourceTitle "EXT 2007"]
[Source "ChessBase"]
[SourceDate "2006.11.23"]
[SourceVersion "1"]
[SourceVersionDate "2006.11.23"]
[SourceQuality "1"]

1. c4 g6 2. g3 Bg7 3. Bg2 c5 4. Nc3 Nc6 5. a3 e6 6. b4 Nge7 7. Rb1 d6 8. e4 0-0 9. Nge2 Rb8 10. 0-0 b6 11. d3 Bb7 12. Bg5 h6 13. Bf4 Ne5 14. Qd2 Kh7 15. h3 f5 16. Be3 fxe4 17. Nxe4 d5 18. f4 Nf7 19. f5 Nxf5 0-1

[Event "Hessen-ch"]
[Site "Marburg"]
[Date "2006.04.11"]
[Round "5.2"]
[White "Kunin, Vitaly L"]
[Black "Kuhn, Ulf"]
[Result "1-0"]
[WhiteElo "2510"]
[BlackElo "2123"]
[PlyCount "51"]
[EventDate "2006.04.08"]
[EventType "swiss"]
[EventRounds "9"]
[EventCountry "GER"]
[SourceTitle "EXT 2007"]
[Source "ChessBase"]
[SourceDate "2006.11.23"]
[SourceVersion "1"]
[SourceVersionDate "2006.11.23"]
[SourceQuality "1"]

1. d4 f5 2. Nc3 Nf6 3. Bg5 d5 4. f3 Nc6 5. Qd2 Be6 6. 0-0-0 h6 7. Bh4 Qd7 8. e4 fxe4 9. fxe4 Bg4 10. Be2 dxe4 11. d5 Ne5 12. Bg3 Qf5 13. Nb5 Kf7 14. Nd4 Qh5 15. Rf1 Bxe2 16. Ngxe2 Nc4 17. Qc3 Nd6 18. Nf4 Qg4 19. Nde6 Rc8 20. Qb3 g5 21. h3 Qf5 22. Nd3 Qh7 23. Ne5+ Kg8 24. h4 gxh4 25. Bxh4 Nf5 26. d6 1-0

[Event "Hessen-ch"]
[Site "Marburg"]
[Date "2006.04.10"]
[Round "3.5"]
[White "Kuhn, Ulf"]
[Black "Wahedi, Ahmad Siar"]
[Result "1/2-1/2"]
[WhiteElo "2123"]
[BlackElo "2283"]
[PlyCount "211"]
[EventDate "2006.04.08"]
[EventType "swiss"]
[EventRounds "9"]
[EventCountry "GER"]
[SourceTitle "EXT 2007"]
[Source "ChessBase"]
[SourceDate "2006.11.23"]
[SourceVersion "1"]
[SourceVersionDate "2006.11.23"]
[SourceQuality "1"]

1. c4 e5 2. g3 c6 3. d4 Bb4+ 4. Bd2 Bxd2+ 5. Qxd2 d6 6. dxe5 dxe5 7. Qxd8+ Kxd8 8. Nf3 f6 9. Nc3 Be6 10. 0-0-0+ Kc7 11. b3 Nh6 12. Bg2 Ng4 13. Rhf1 Nd7 14. h3 Nh6 15. Nd2 Nf5 16. Nde4 Rad8 17. h4 Rhe8 18. e3 b6 19. Rd2 Nb8 20. Rfd1 Rxd2 21. Rxd2 a5 22. Bh3 Nxg3 23. Nd6 Re7 24. Ndb5+ Kb7 25. Nd6+ Kc7 26. Ndb5+ cxb5 27. Nxb5+ Kc6 28. Rd6+ Kc5 29. Bxe6 Ne4 30. Rd5+ Kc6 31. Bf5 Nxf2 32. Rd6+ Kb7 33. Rd2 g6 34. Rxf2 gxf5 35. Rxf5 Nd7 36. Nd6+ Kc6 37. Ne4 Rg7 38. Kd2 b5 39. cxb5+ Kxb5 40. Kc3 Kc6 41. Nxf6 Rf7 42. Ng8 Rg7 43. Nh6 Rg6 44. Nf7 Kd5 45. Ng5 Rc6+ 46. Kd3 Nc5+ 47. Ke2 Ne4 48. Kf3 Nd2+ 49. Kg4 h6 50. Nf3 Rg6+ 51. Kh5 Nxf3 52. Rxf3 Rc6 53. Rg3 Ke4 54. Rg6 Rxg6 55. Kxg6 Kxe3 56. Kxh6 e4 57. h5 Kd3 58. Kg6 e3 59. h6 e2 60. h7 e1Q 61. h8Q Qg1+ 62. Kf5 Qf2+ 63. Kg4 Qg2+ 64. Kf4 Qe4+ 65. Kg3 Qe1+ 66. Kg4 Qe2+ 67. Kf5 Qxa2 68. Qc8 Qc2 69. Qd8+ Kc3+ 70. Kg4 Qe4+ 71. Kh5 Qe2+ 72. Kh4 Qe5 73. Qc8+ Kxb3 74. Qb7+ Ka3 75. Qf3+ Kb4 76. Qb7+ Kc5 77. Qa7+ Kd6 78. Qb8+ Ke6 79. Qc8+ Kf7 80. Qc4+ Qe6 81. Qa4 Qe1+ 82. Kg5 Qb4 83. Qa2+ Ke8 84. Kf5 Kd7 85. Qd5+ Kc7 86. Ke5 Kb6 87. Qd8+ Kb5 88. Qd7+ Kc4 89. Qd5+ Kc3 90. Qf3+ Kb2 91. Qe2+ Ka3 92. Qe3+ Ka4 93. Qc1 Qb3 94. Kd4 Qb6+ 95. Kc3 Qf6+ 96. Kc2 Qf2+ 97. Kb1 Qb6+ 98. Qb2 Qb4 99. Ka2 Kb5 100. Qe5+ Kc6 101. Qe6+ Kc5 102. Qe5+ Kc4 103. Qe4+ Kc3 104. Qe3+ Kc2 105. Qe2+ Kc1 106. Qf1+ 1/2-1/2

[Event "Gernsheim U20 op 3rd"]
[Site "Gernsheim"]
[Date "2005.05.??"]
[Round "5"]
[White "Nazarenus, Moritz"]
[Black "Kuhn, Ulf"]
[Result "1/2-1/2"]
[WhiteElo "2138"]
[BlackElo "2080"]
[PlyCount "80"]
[EventDate "2005.05.??"]
[EventType "swiss"]
[EventRounds "7"]
[EventCountry "GER"]
[SourceTitle "EXT 2007"]
[Source "ChessBase"]
[SourceDate "2006.11.23"]
[SourceVersion "1"]
[SourceVersionDate "2006.11.23"]
[SourceQuality "1"]

1. d4 f5 2. Nc3 Nf6 3. Bg5 d5 4. Bxf6 exf6 5. e3 Be6 6. Bd3 Nc6 7. Qf3 Qd7 8. a3 g6 9. Nge2 Ne7 10. h3 h5 11. Qg3 0-0-0 12. 0-0-0 h4 13. Qh2 Bf7 14. Kb1 Kb8 15. Bb5 Qe6 16. Nf4 Qb6 17. Ba4 Nc8 18. Bb3 Qa5 19. Nce2 Nd6 20. Qg1 Ne4 21. Nd3 Qb6 22. Qe1 c6 23. Rc1 Rh7 24. Rf1 Bg8 25. Ka1 Re7 26. Ba2 g5 27. Nc3 Nd6 28. Na4 Qc7 29. Qd1 Bf7 30. Nac5 Bh6 31. Qf3 Rde8 32. Rb1 Qc8 33. b4 b6 34. Nb3 Qa6 35. Qd1 Qxa3 36. c3 Qa6 37. Rb2 Bg6 38. Nbc1 Ne4 39. b5 cxb5 40. Nb4 Qc8 1/2-1/2

[Event "GER-chT Lands U20"]
[Site "Bad Sulza"]
[Date "2004.11.18"]
[Round "5.1"]
[White "Kuhn, Ulf"]
[Black "Zentgraf, Robert"]
[Result "1-0"]
[WhiteElo "2019"]
[BlackElo "2093"]
[PlyCount "83"]
[EventDate "2004.11.15"]
[EventType "team-swiss"]
[EventRounds "7"]
[EventCountry "GER"]
[SourceTitle "EXT 2006"]
[Source "ChessBase"]
[SourceDate "2005.11.24"]
[SourceVersion "1"]
[SourceVersionDate "2005.11.24"]
[SourceQuality "1"]

1. f4 b6 2. Nf3 Bb7 3. d3 c5 4. e4 e6 5. Be2 d5 6. e5 Nc6 7. 0-0 Nh6 8. c3 d4 9. Nbd2 Ne7 10. Ne4 Nc6 11. Bd2 Qd7 12. c4 a5 13. Ne1 0-0-0 14. Nc2 Nb4 15. Nxb4 cxb4 16. Qc1 Nf5 17. c5 bxc5 18. Nxc5 Bxc5 19. Qxc5+ Kb8 20. Qxa5 Nh4 21. Rf2 Rc8 22. Bxb4 Nf5 23. g4 Rc6 24. gxf5 Ra6 25. Qc5 exf5 26. Qe7 Qxe7 27. Bxe7 Rc8 28. Bd6+ Ka8 29. Bf3 g5 30. Bxb7+ Kxb7 31. fxg5 h6 32. gxh6 f6 33. Rg2 fxe5 34. Rg7+ Ka8 35. Bxe5 Rxh6 36. Re1 Re6 37. Ra7+ Kxa7 38. Bxd4+ Rb6 39. Re6 Rc1+ 40. Kf2 Rc2+ 41. Kf3 Rcxb2 42. Rxb6 1-0

[Event "GER-chT Lands U20"]
[Site "Bad Sulza"]
[Date "2004.11.18"]
[Round "6.1"]
[White "Mutschnik, Illya"]
[Black "Kuhn, Ulf"]
[Result "1-0"]
[WhiteElo "2417"]
[BlackElo "2019"]
[PlyCount "95"]
[EventDate "2004.11.15"]
[EventType "team-swiss"]
[EventRounds "7"]
[EventCountry "GER"]
[SourceTitle "EXT 2006"]
[Source "ChessBase"]
[SourceDate "2005.11.24"]
[SourceVersion "1"]
[SourceVersionDate "2005.11.24"]
[SourceQuality "1"]

1. e4 Nf6 2. e5 Nd5 3. d4 d6 4. Nf3 dxe5 5. Nxe5 g6 6. Bc4 c6 7. Nd2 Nd7 8. Nd3 Bg7 9. Nf3 0-0 10. 0-0 a5 11. Re1 b5 12. Bb3 Re8 13. a3 Bb7 14. Bg5 Rc8 15. Qe2 Qb6 16. Qe4 e6 17. Qh4 c5 18. dxc5 Qc7 19. Bh6 Bf6 20. Bg5 Bg7 21. Rad1 Nxc5 22. Nxc5 Qxc5 23. c3 f6 24. Be3 Nxe3 25. Rxe3 Bxf3 26. Rxe6 Rxe6 27. Bxe6+ Kh8 28. gxf3 Rf8 29. Rd7 Qc6 30. Qe4 Qxe4 31. fxe4 Re8 32. Bd5 f5 33. exf5 b4 34. axb4 axb4 35. cxb4 gxf5 36. b5 Rb8 37. b6 Bxb2 38. b7 f4 39. Kg2 Be5 40. Kf3 Re8 41. Kg4 Rf8 42. f3 Bb8 43. Kg5 Be5 44. Bf7 Bb8 45. Kf6 h5 46. Kg6 Be5 47. h4 Rb8 48. Bd5 1-0

[Event "GER-chT Lands U20"]
[Site "Bad Sulza"]
[Date "2004.11.16"]
[Round "3.1"]
[White "Kuhn, Ulf"]
[Black "De Wiljes, Jan Hendrik"]
[Result "0-1"]
[WhiteElo "2019"]
[BlackElo "2309"]
[PlyCount "72"]
[EventDate "2004.11.15"]
[EventType "team-swiss"]
[EventRounds "7"]
[EventCountry "GER"]
[SourceTitle "EXT 2006"]
[Source "ChessBase"]
[SourceDate "2005.11.24"]
[SourceVersion "1"]
[SourceVersionDate "2005.11.24"]
[SourceQuality "1"]

1. f4 g6 2. Nf3 Bg7 3. d3 d5 4. g3 c5 5. Bg2 Nc6 6. 0-0 e6 7. e4 Nge7 8. e5 b6 9. Kh1 Ba6 10. Re1 Rc8 11. Nbd2 Nf5 12. a4 Na5 13. Qe2 Bf8 14. g4 Ng7 15. Nf1 h5 16. gxh5 Nxh5 17. Ng5 Be7 18. Qg4 Ng7 19. Ng3 Nc6 20. b3 Nd4 21. Ra2 Ngf5 22. Nxf5 Nxf5 23. c4 Rh4 24. Qd1 Bxg5 25. fxg5 dxc4 26. dxc4 Qc7 27. Qf3 Rh7 28. Qg4 Bb7 29. Bxb7 Qxb7+ 30. Qg2 Qxg2+ 31. Kxg2 a5 32. Rd2 Rh4 33. Kf3 Rh3+ 34. Ke4 Rxb3 35. Red1 Rc3 36. Rd6 Rxc4+ 0-1

[Event "Hessen-ch U18"]
[Site "Oberbernhards"]
[Date "2004.??.??"]
[Round "6"]
[White "Herrmann, Oliver"]
[Black "Kuhn, Ulf"]
[Result "1/2-1/2"]
[WhiteElo "1835"]
[BlackElo "2010"]
[PlyCount "108"]
[EventDate "2004.04.??"]
[EventType "swiss"]
[EventRounds "7"]
[EventCountry "GER"]
[SourceTitle "EXT 2005"]
[Source "ChessBase"]
[SourceDate "2004.11.15"]
[SourceVersion "1"]
[SourceVersionDate "2004.11.15"]
[SourceQuality "1"]

1. d4 f5 2. g3 Nf6 3. Bg2 g6 4. Nf3 Bg7 5. 0-0 0-0 6. c4 d6 7. Nc3 Nc6 8. d5 Ne5 9. Nxe5 dxe5 10. e4 f4 11. gxf4 exf4 12. Bxf4 Nxe4 13. Nxe4 Rxf4 14. Qe2 Qf8 15. Ng5 Qf6 16. Ne6 Bxe6 17. dxe6 Rh4 18. Qf3 Qxf3 19. Bxf3 Rxc4 20. Bxb7 Rb8 21. Bd5 Rcb4 22. Rac1 Be5 23. b3 Rh4 24. Rc4 Bxh2+ 25. Kg2 Rxc4 26. Bxc4 Bf4 27. Rd1 Bd6 28. Rd5 c5 29. Rd3 g5 30. Rd5 h6 31. Rf5 Rf8 32. Rxf8+ Kxf8 33. Kh3 Kg7 34. f3 h5 35. a4 a5 36. Kg2 Kf6 37. Kh3 Kf5 38. Kg2 Kf4 39. Kf2 Be5 40. Bd5 Bd4+ 41. Kg2 Be3 42. Bc4 h4 43. Bd5 Ke5 44. Bc4 Kd4 45. Kh3 Bf4 46. Kg2 Ke3 47. Bd5 Be5 48. Bc6 Kd4 49. Bb5 Ke3 50. Bc6 c4 51. bxc4 Kd4 52. Bb5 Kc5 53. Kh3 Kd6 54. Bd7 Bf4 1/2-1/2

[Event "Hessen-ch U18"]
[Site "Oberbernhards"]
[Date "2004.??.??"]
[Round "4"]
[White "Sbierski, Jan"]
[Black "Kuhn, Ulf"]
[Result "1-0"]
[WhiteElo "1740"]
[BlackElo "2010"]
[PlyCount "71"]
[EventDate "2004.04.??"]
[EventType "swiss"]
[EventRounds "7"]
[EventCountry "GER"]
[SourceTitle "EXT 2005"]
[Source "ChessBase"]
[SourceDate "2004.11.15"]
[SourceVersion "1"]
[SourceVersionDate "2004.11.15"]
[SourceQuality "1"]

1. Nf3 f5 2. b3 Nf6 3. Bb2 g6 4. g3 Bg7 5. Bg2 0-0 6. 0-0 d6 7. d4 Qe8 8. e3 h6 9. c4 g5 10. Nc3 g4 11. Nh4 e5 12. dxe5 dxe5 13. Nd5 Nxd5 14. Qxd5+ Kh7 15. e4 f4 16. f3 Nc6 17. Nf5 fxg3 18. hxg3 Be6 19. Nxg7 Kxg7 20. Qc5 b6 21. Qe3 gxf3 22. Rxf3 Rxf3 23. Qxf3 Nd4 24. Bxd4 exd4 25. e5 Rd8 26. Qf6+ Kg8 27. Qxh6 Qe7 28. Rf1 d3 29. Be4 d2 30. Bh7+ Qxh7 31. Qxe6+ Kh8 32. Qf6+ Qg7 33. Qxd8+ Kh7 34. Qxd2 Qxg3+ 35. Qg2 Qe3+ 36. Kh1 1-0